| 000 | 01103cas a2200325 a 4500 | ||
|---|---|---|---|
| 001 | 13908802 | ||
| 005 | 20180312060921.0 | ||
| 008 | 050323c20009999cauuu 0 a0eng d | ||
| 010 |
_a 2005201880 _z 00020580 _z 2003041255 _z 2004057120 |
||
| 022 | 0 |
_a1932-1740 _21 |
|
| 035 | _a(OCoLC)ocm44222226 | ||
| 037 | _bNolo, 950 Parker St., Berkeley, CA 94710 | ||
| 040 |
_aMSI _beng _cMSI _dJQF _dOCLCQ _dDLC _dNSD _dGK8 _dOCLCQ _dOCLCA _dOCLCF _dOCLCO _dDLC _dOCLCO _dYDXCP _dIGA _dOCLCQ |
||
| 041 | _aeng | ||
| 042 |
_alccopycat _ansdp |
||
| 043 | _an-us--- | ||
| 080 | _a346 MAN | ||
| 082 | 1 | 0 |
_a346 MAN _214 |
| 100 | _a57 | ||
| 101 | _aBIZ | ||
| 222 | 0 | _aNolo's quick LLC | |
| 245 | 0 | 0 |
_aNolo's quick LLC / _cby Attorney Anthony Mancuso. |
| 246 | 3 | 0 | _aQuick LLC |
| 362 | 0 | _a1st ed (2000)- | |
| 776 | 0 | 8 |
_iOnline version: _tNolo's quick LLC _x2375-2858 _w(DLC) 2014203616 _w(OCoLC)892490480 |
| 906 |
_a7 _bcbc _cserials _d2 _encip _f20 _gn-oclcserc |
||
| 942 |
_2ddc _cBK |
||
| 999 |
_c44709 _d44709 |
||